Statistics for Countries With Most Google Visitors

Click here to take the quiz!

General Stats

  • This quiz has been taken 818 times
    (785 since last reset)
  • The average score is 17 of 20

Answer Stats

% of VisitsCountry% Correct
30.6United States
100%
3.0United Kingdom
97%
3.9China
96%
2.3France
96%
1.8Canada
93%
2.8Germany
93%
8.1India
92%
3.1Japan
91%
2.7Russia
91%
2.1Spain
91%
2.5Italy
90%
1.8Mexico
90%
3.1Brazil
89%
1.1Australia
88%
1.1South Korea
79%
1.5Indonesia
76%
0.9Poland
72%
1.0Pakistan
64%
0.9Netherlands
62%
2.4Iran
51%

Score Distribution

Percentile by Number Answered

Percent of People with Each Score

Your Score History

You have not taken this quiz since the last reset